Loading...
Secret History of Compassion/
| Hovedforfatter: | |
|---|---|
| Sprog: | English |
| Udgivet: |
Chennai
Context
2019
|
| LEADER | 00473 a2200145 4500 | ||
|---|---|---|---|
| 008 | 190420b xxu||||| |||| 00| 0 eng d | ||
| 999 | |c 190241 |d 190241 | ||
| 020 | |a 9789387894594 | ||
| 084 | |2 cc |a O-2,3NZA,S | ||
| 100 | |a Paul Zacharia | ||
| 245 | |a Secret History of Compassion/ | ||
| 260 | |b Context |c 2019 |a Chennai | ||
| 300 | |b 431p. | ||
| 942 | |c GEN | ||
| 952 | |0 0 |1 0 |4 0 |6 O_23NZAS_Q9 |7 0 |9 330856 |a LIB |b LIB |d 2019-03-19 |e 1 |g 538.23 |l 2 |o O-2,3NZA,S Q9 |p 310923 |r 2020-02-03 |s 2020-01-04 |v 699.00 |y GEN | ||